000 00525nam a2200181 i 4500
001 46097
003 ES-MaACL
005 20230906161329.0
007 t|
008 030327s1965 ag ||||1| spa d
100 1 _aConchon, Georges.
_940081
245 1 3 _aEl estado salvaje /
_cpor Georges Conchon ; [traducción de Alfredo Cerspo].
250 _a1ª ed.
260 _aBuenos Aires :
_bPlaza & Janés,
_c[1965]
300 _a257 p. ;
_c20 cm.
700 1 _aCrespo, Alfredo.
_941511
852 _aES-MaACL
_jC-27493
_bR.56310
999 _c46097
_d46097